<La> CEE de Rome á Maastricht

Na minha lista:
Detalhes bibliográficos
Autor principal: Dorel, G.
Outros Autores: Gauthier, A.
Formato: Livro
Idioma:francês
Publicado em: Paris Bréal 1993
Edição:1. éd.
Colecção:Histoire et geographie economiques
Assuntos:
Tags: Adicionar Tag
Sem tags, seja o primeiro a adicionar uma tag!

MARC

LEADER 00000nam a2200000 4500
001 c010367
005 20221206074304.6
020 |a 2-85394-672-X 
041 0 |a fre 
044 |a FR 
245 1 0 |a <La> CEE de Rome á Maastricht  |c G. Dorel, A. Gauthier 
250 |a 1. éd. 
264 1 |a Paris  |b Bréal  |c 1993 
300 |a 351 s. 
490 1 |a Histoire et geographie economiques 
830 0 |a Histoire et geographie economiques 
610 2 0 |a Európske spoločenstvá 
610 2 0 |a história 
610 2 0 |a ekonómia 
610 2 0 |a EHS 
610 2 0 |a vzťahy hospodárske medzinárodné 
100 1 |a Dorel, G. 
700 1 |a Gauthier, A.